| 000 | 00429nam a2200169Ia 4500 | ||
|---|---|---|---|
| 008 | 230711s9999||||xx |||||||||||||| ||und|| | ||
| 020 | _a978-81-265-3552-1 | ||
| 041 | _aENG | ||
| 082 |
_a658.15 _bKU-F |
||
| 100 | _aKumar,Parvin | ||
| 245 | 0 | _aFundamentals of Engineering Economics | |
| 250 | _a1st Ed. | ||
| 260 |
_c2015 _aNew Delhi _bWiley India Pvt.Ltd |
||
| 300 | _a486p. | ||
| 650 | _aElectrical Engineering | ||
| 942 | _cBK | ||
| 999 |
_c6590 _d6590 |
||